Statistics for Identify the 20th Century hit song

Click here to take the quiz!

General Stats

  • This quiz has been taken 26 times
  • The average score is 7 of 10

Answer Stats

HintAnswer% Correct
Is this the real life?
Is this just fantasy?
Caught in a landslide,
No escape from reality
Open your eyes,
Look up to the skies and see,
I'm just a poor boy, I need no sympathy,
Because I'm easy come, easy go...
Bohemian Rhapsody
96%
We've got to hold on to what we've got
It doesn't make a difference if we make it or not
We've got each other and that's a lot for love
We'll give it a shot
Woah, we're half way there..
livin' on a prayer
88%
We don't need no education
We don't need no thought control
No dark sarcasm in the classroom
Teacher, leave them kids alone....
Another Brick In the Wall Part 2
83%
She's just a girl who claims that I am the one
But the kid is not my son
She says I am the one, but the kid is not my son
So take my strong advice, just remember to always think twice...
Billie Jean
83%
With the lights out, it's less dangerous
Here we are now, entertain us
I feel stupid and contagious
Here we are now, entertain us
Smells Like Teen Spirit
83%
It's close to midnight
Something evil's lurking in the dark
Under the moonlight
You see a sight that almost stops your heart
You try to scream
But terror takes the sound before you make it...
Thriller
75%
It's nine o'clock on a Saturday
The regular crowd shuffles in
There's an old man sittin' next to me...
Piano Man
63%
We're no strangers to love
You know the rules and so do I
A full commitment's what I'm thinking of
You wouldn't get this from any other guy
Never Gonna Give You Up
46%
Now, I'm lookin' to the sky to save me
Lookin' for a sign of life
Lookin' for somethin' to help me burn out bright
And I'm lookin' for a complication
Lookin' cause I'm tired of lyin'
Make my way back home when I learn to fly high
Learn to Fly - Foo Fighters
42%
When you're weary, feeling small,
When tears are in your eyes
I will dry them all
I'm on your side
Oh when times get rough
And friends just can't be found
Bridge Over Troubled Water
38%

Score Distribution

Percentile by Number Answered

Percent of People with Each Score

Your Score History

You have not taken this quiz